Loreto College Library, Kolkata
WEBOPAC (ONLINE PUBLIC ACCESS CATALOGUE)

Critical theory and society (Record no. 41999)

MARC details
000 -LEADER
fixed length control field 00708nam a22002297a 4500
005 - DATE AND TIME OF LATEST TRANSACTION
control field 20190312160050.0
008 - FIXED-LENGTH DATA ELEMENTS--GENERAL INFORMATION
fixed length control field 190312b xxu||||| |||| 00| 0 eng d
020 ## - ISBN | অাই এস বি এন
ISBN | অাই এস বি এন 9780415900416
PRICE Rs 795
040 ## - CATALOGING SOURCE
Language of cataloging eng
041 ## - LANGUAGE CODE
Language code English
082 ## - DDC | ডিউই
Classification number | বর্গসংখ্যা 142
Book Number | গ্রন্থাঙ্ক BRO
245 ## - TITLE STATEMENT | অাখ্যা বিবরণী
Title | অাখ্যা Critical theory and society
Sub title | উপঅাখ্যা A reader
Statement of responsibility | লেখকের দায়িত্বের বিবরণ Edited and with an introduction by Stephen Eric Bronner and Douglas MacKay Kellner
260 ## - IMPRINT | প্রকাশনা ক্ষেত্র
Place of publication | প্রকাশ স্থান New York and London
Name of publisher | প্রকাশকের নাম Routledge
Date of publication | প্রকাশ কাল 1989
300 ## - PHYSICAL DESCRIPTION |
Page / Vol. No | পৃষ্ঠা / খন্ড সংখ্যা vii,316p
Other physical details | অনান্য বাহ্যিক বিবরণ 25 cm
504 ## - BIBLIOGRAPHY, ETC. NOTE
Bibliography, etc Includes bibliography
650 ## - SUBJECT ADDED ENTRY--TOPICAL TERM | বিষয় শিরোনাম - মূল বিষয়
Topical term | মূল বিষয় Sociology
Form subdivision | রুপগত বিভাগ Philosophy
650 ## - SUBJECT ADDED ENTRY--TOPICAL TERM | বিষয় শিরোনাম - মূল বিষয়
Topical term | মূল বিষয় Critical theory
700 ## - ADDED ENTRY--PERSONAL NAME | অতিরিক্ত সংলেখ - ব্
Relator code | দায়িত্ব নির্দেশক ed.
Personal name | ব্যাক্তিনাম Bronner, Stephen Eric
700 ## - ADDED ENTRY--PERSONAL NAME | অতিরিক্ত সংলেখ - ব্
Relator code | দায়িত্ব নির্দেশক ed.
Personal name | ব্যাক্তিনাম Kellner, Douglas MacKay
850 ## - HOLDING INSTITUTION
Holding institution LCLIB
Sub Holdings Post Graduate
942 ## - ADDED ENTRY ELEMENTS (KOHA)
Koha item type Books
Holdings
Withdrawn status Lost status Source of classification Damaged status Not for loan Home library Current library Shelving location Date acquired Price Total Checkouts Full call number Accession No. Date last seen Price effective from Koha item type
    Dewey Decimal Classification     Loreto College Loreto College Post Graduate 12/03/2019 795.00   142 BRO PG155 45956 16/03/2019 12/03/2019 Books